[Event "Secondario 15th"]
[Site "Caorle"]
[Date "1990.07.14"]
[Round "8.24"]
[White "Bukal, Vladimir Jr"]
[Black "Vujic, Bogoljub"]
[Result "1-0"]
[WhiteElo "1800"]
[BlackElo "2000"]
[PlyCount "83"]
[EventDate "1990.07.07"]
[EventType "swiss"]
[EventRounds "8"]
[EventCountry "ITA"]
[SourceTitle "EXT 2023"]
[Source "ChessBase"]
[SourceDate "2022.10.05"]
[SourceVersion "1"]
[SourceVersionDate "2022.10.05"]
[SourceQuality "1"]

1. e4 e6 2. d4 d5 3. Nc3 Nf6 4. e5 Nfd7 5. f4 c5 6. Nf3 Nc6 7. Be3 Be7 8. Qd2 0-0 9. 0-0-0 a6 10. g4 b5 11. dxc5 Nxc5 12. Bd3 Nxd3+ 13. Qxd3 Qa5 14. Kb1 Bb7 15. Rhf1 Rac8 16. Nd4 Nb4 17. Nb3 Qc7 18. Qd2 d4 19. Nxd4 Nd5 20. Nxd5 Bxd5 21. Rc1 Rfd8 22. Qf2 b4 23. Nb3 a5 24. Bb6 Qc4 25. Bxd8 Rxd8 26. Qd4 Qb5 27. Nd2 a4 28. b3 axb3 29. cxb3 Ra8 30. Nc4 Qa6 31. Rf2 f6 32. h3 fxe5 33. fxe5 Bh4 34. Rfc2 Bg5 35. Rd1 Rf8 36. Rf2 Rd8 37. Nd6 Qa5 38. Rdf1 Ra8 39. Nc4 Qa6 40. Nb6 Rd8 41. Nxd5 exd5 42. Qxd5+ 1-0

[Event "Secondario 15th"]
[Site "Caorle"]
[Date "1990.07.12"]
[Round "6.7"]
[White "Bukowski, Klaus Juergen"]
[Black "Vujic, Bogoljub"]
[Result "1-0"]
[WhiteElo "1800"]
[BlackElo "2000"]
[PlyCount "55"]
[EventDate "1990.07.07"]
[EventType "swiss"]
[EventRounds "8"]
[EventCountry "ITA"]
[SourceTitle "EXT 2023"]
[Source "ChessBase"]
[SourceDate "2022.10.05"]
[SourceVersion "1"]
[SourceVersionDate "2022.10.05"]
[SourceQuality "1"]

1. e4 e6 2. c3 c5 3. d4 cxd4 4. cxd4 d5 5. e5 Bb4+ 6. Bd2 Bxd2+ 7. Qxd2 Nc6 8. Nc3 Nge7 9. Bb5 Bd7 10. Nge2 0-0 11. 0-0 Rc8 12. Bd3 Ng6 13. f4 Nb4 14. Bb1 Qb6 15. a3 Na6 16. Bd3 Nc7 17. a4 a5 18. Kh1 Na6 19. f5 Ne7 20. f6 Ng6 21. Qg5 Nb4 22. Bb1 Qd8 23. h4 h6 24. Qg4 gxf6 25. Rxf6 Nc6 26. Rxg6+ fxg6 27. Qxg6+ Kh8 28. Qh7# 1-0

[Event "Secondario 15th"]
[Site "Caorle"]
[Date "1990.07.10"]
[Round "4.25"]
[White "Paulmichl, Martin"]
[Black "Vujic, Bogoljub"]
[Result "0-1"]
[WhiteElo "1845"]
[BlackElo "2000"]
[PlyCount "90"]
[EventDate "1990.07.07"]
[EventType "swiss"]
[EventRounds "8"]
[EventCountry "ITA"]
[SourceTitle "EXT 2023"]
[Source "ChessBase"]
[SourceDate "2022.10.05"]
[SourceVersion "1"]
[SourceVersionDate "2022.10.05"]
[SourceQuality "1"]

1. e4 e6 2. d4 d5 3. Nd2 Nf6 4. e5 Nfd7 5. Bd3 c5 6. c3 Nc6 7. Ne2 Be7 8. Nf3 0-0 9. 0-0 f6 10. exf6 Nxf6 11. Ng3 cxd4 12. cxd4 Bd6 13. Re1 Bd7 14. Bd2 Qb6 15. Bc3 Rae8 16. Rc1 Bb8 17. a3 a5 18. Rc2 Ne7 19. Rce2 Ng6 20. Bxg6 hxg6 21. Ne5 Bb5 22. Re3 Bxe5 23. dxe5 Nd7 24. Qg4 Bd3 25. Rxd3 Qxf2+ 26. Kh1 Nxe5 27. Qd4 Qxd4 28. Rxd4 Nc6 29. Rdd1 Rf4 30. Rxd5 exd5 31. Rxe8+ Kf7 32. Re1 b5 33. Rf1 Rxf1+ 34. Nxf1 d4 35. Bd2 Ke6 36. Kg1 Kd5 37. Kf2 Kc4 38. b4 a4 39. Ke2 Kb3 40. Bc1 Kc2 41. Bd2 Ne5 42. Bf4 Nc4 43. Nd2 Nxa3 44. Be5 d3+ 45. Ke1 Nc4 0-1

[Event "Secondario 15th"]
[Site "Caorle"]
[Date "1990.07.08"]
[Round "2.27"]
[White "Milanovic, Mihailo"]
[Black "Vujic, Bogoljub"]
[Result "1-0"]
[WhiteElo "1800"]
[BlackElo "2000"]
[PlyCount "53"]
[EventDate "1990.07.07"]
[EventType "swiss"]
[EventRounds "8"]
[EventCountry "ITA"]
[SourceTitle "EXT 2023"]
[Source "ChessBase"]
[SourceDate "2022.10.05"]
[SourceVersion "1"]
[SourceVersionDate "2022.10.05"]
[SourceQuality "1"]

1. Nf3 Nf6 2. g3 g6 3. Bg2 Bg7 4. 0-0 0-0 5. d3 d5 6. Nbd2 c5 7. e4 dxe4 8. dxe4 Nc6 9. c3 e5 10. Qc2 Qe7 11. Re1 h6 12. Nc4 Nh5 13. Ne3 Be6 14. Nd5 Qd8 15. Rd1 f5 16. Nf4 Qxd1+ 17. Qxd1 exf4 18. Qd6 Rae8 19. exf5 Bxf5 20. Bxf4 Nxf4 21. gxf4 Be4 22. Re1 Bf5 23. Ne5 Nxe5 24. fxe5 b6 25. Bd5+ Kh8 26. e6 Bf6 27. e7 1-0